Nirvana MTV Unplugged - Statistics

General Stats
  • This quiz has been taken 835 times
  • The average score is 10 of 14
Answer Stats
Hint Answer % Correct
2 Come As You Are
88%
1 About A Girl
86%
4 The Man Who Sold The World
85%
14 Where Did You Sleep Last Night
84%
12 Lake Of Fire
78%
7 Polly
76%
13 All Apologies
74%
6 Dumb
68%
5 Pennyroyal Tea
67%
10 Plateau
67%
3 Jesus Doesn't Want Me For A Sunbeam
66%
9 Something In The Way
66%
8 On A Plain
62%
11 Oh Me
61%
No matching quizzes found
Score Distribution
Percent of People with Each Score
Percentile by Number Answered
Your Score History
You have not taken this quiz